000 00639nam a2200193 i 4500
001 19541
003 ES-MaACL
005 20250902041226.0
007 t|
008 021003s1966 sp ||||1| spa d
100 1 _aAbaitua, Carlos,
_917957
245 1 3 _aLa doctrina sobre la libertad política en el magisterio del Papa León XIII /
_cauctore Carolo Abaitua.
260 _aVitoria :
_bEditorial Eset,
_c1966.
300 _a271 p. ;
_c24 cm.
500 _aPrecede al tít.: Pontificia Universitas Comilleusis.
710 2 _aUniversidad Pontificia Comillas
_9173007
852 _aES-MaACL
_jC-28714
_bR.58099
999 _c19541
_d19541